000 00429nam a2200145Ia 4500
008 220217s9999||||xx |||||||||||||| ||und||
020 _a0-07-060177-1
082 _a629.8 DIS
100 _aDistefano, Joseph, J. Stubberud, Allen, R. Williams, Ivan, J
245 0 _aFeedback and control systems
250 _a2nd
260 _aTata mcgraw hill company Ltd
_bNew Delhi
_c2007
300 _b290
650 _aCONTROL SYSTEM
999 _c175414
_d175414